000 00736cam a22002651 4500
999 _c9097
_d9097
001 9097
003 BD-JhCC
005 20180308132246.0
008 740926s1960 xx 000 0 eng
035 _a(BD-JhCC)9097
040 _aDLC
_cTxU-Da
_dOCoLC
_dDLC
_dBD-JhCC
041 _aeng
050 0 0 _aPA3105
_b.M85 1960
082 _a883.09
_bMUR 1960
100 1 _aMurray, Gilbert,
_d1866-1957.
245 1 4 _aThe rise of the Greek epic.
250 _a[4th ed.]
260 _aNew York,
_bOxford University Press,
_c1960.
300 _a356 p.
_c21 cm.
490 0 _aA Galaxy book GB41
600 0 0 _aHomer
_xCriticism and interpretation.
650 0 _aEpic poetry, Greek
_xHistory and criticism.
942 _2ddc
_cBK